| 000 | 00933cam a2200241 4500 | ||
|---|---|---|---|
| 001 | ABS68179 | ||
| 008 | 040831n2004 000 0 eng u | ||
| 035 | _a(Sirsi) u127224 | ||
| 100 | _aEllis, T. | ||
| 245 | _aWEEE | ||
| 260 | _c2004 | ||
| 490 |
_aWastes Management _vAugust 2004, 18-27(9) |
||
| 520 | _aSeries of articles on the Waste Electrical and Electronic Equipment (WEEE) directive (Directive 02/96/EC). Covers: frequently asked questions; information on the Recycling Electrical Producers Industry Consortium (REPIC); the advantages and drawbacks of WEEE from a manufacturer's standpoint; and a profile of the EnvironCom and Fonebak recycling scheme for mobile phones. | ||
| 590 | _aABS | ||
| 590 | _aABS | ||
| 650 | _aDIRECTIVE 02/96/EC | ||
| 650 | _aELECTRICAL EQUIPMENT | ||
| 650 | _aELECTRONICS INDUSTRY | ||
| 650 | _aMOBILE PHONES | ||
| 650 | _aRECYCLING | ||
| 690 | _aWASTE MANAGEMENT | ||
| 942 | _n0 | ||
| 999 |
_c117928 _d117928 |
||